=LDR 00000nam 2200000 4500 =001 INLIS000000000019066 =005 20210608085913 =035 ##$$a 0010-061300000019066 =008 210608################g##########0#ind## =041 ##$$a Ind =082 ##$$a 339.3 =090 ##$$a 339.3, Sch a =100 1#$$a Charles L =245 1#$$a Analisa pendapatan nasional, stabilitas dan pertumbuhan /$c Charles L. Schultse ; penerjemah, St. Dianjung =260 ##$$a Jakarta :$b Bina Aksara,$c 1981 =300 ##$$a 237 hlm ; $c 21x14 cm =650 #4$$a Pendapatan nasional =850 ##$$a NBPNMAT =084 ##$$a 339.3 CHA a =250 ##$$a cet.1 =990 ##$$a 1.308/Pb.83 =990 ##$$a 00054964 =990 ##$$a 20700237